Monnaies du Monde - Statistiques

Statistiques générales
  • Ce quiz a été pris 843 fois
    207 depuis la dernière actualisation
  • Le résultat moyen est 62 sur 196
Statistiques - réponses
Pays Monnaie % Correct
Allemagne Euro
84%
Andorre Euro
73%
Algérie Dinar Algérien
69%
Autriche Euro
68%
Belgique Euro
67%
États-Unis Dollar Américain
64%
Espagne Euro
64%
France Euro
63%
Grèce Euro
63%
Argentine Peso Argentin
62%
Australie Dollar Australien
61%
Canada Dollar Canadien
61%
Croatie Euro
61%
Italie Euro
60%
Finlande Euro
59%
Estonie Euro
57%
Irlande Euro
56%
Luxembourg Euro
55%
Japon Yen
55%
Bulgarie Euro
53%
Chypre Euro
52%
Monaco Euro
52%
Colombie Peso Colombien
51%
Bahamas Dollar des Bahamas
50%
Lituanie Euro
50%
Portugal Euro
50%
Royaume-Uni Livre Sterling
50%
Chili Peso Chilien
50%
Lettonie Euro
49%
Malte Euro
49%
Inde Roupie Indienne
49%
Mexique Peso Mexicain
48%
Chine Yuan
48%
Danemark Couronne Danoise
47%
Pays-Bas Euro
47%
Cameroun Franc CFA
47%
Côte d'Ivoire Franc CFA
47%
Gabon Franc CFA
47%
Cuba Peso Cubain
47%
RD Congo Franc Congolais
46%
Slovénie Euro
45%
Congo Franc CFA
45%
Jamaïque Dollar Jamaïcain
44%
Slovaquie Euro
44%
Afrique du Sud Rand
44%
Biélorussie Rouble Biélorusse
43%
Corée du Sud Won Sud-Coréen
43%
Antigua-et-Barbuda Dollar des Caraïbes Orientales
42%
Monténégro Euro
42%
Bénin Franc CFA
42%
Guinée-Bissau Franc CFA
42%
Guinée Équatoriale Franc CFA
42%
Suisse Franc Suisse
42%
Corée du Nord Won Nord-Coréen
42%
Afghanistan Afghani
41%
Belize Dollar de Belize
41%
Kosovo Euro
41%
Djibouti Franc de Djibouti
41%
Guinée Franc Guinéen
41%
Iles Marshall Dollar Américain
40%
Barbade Dollar Barbadien
40%
Fidji Dollar des Fidji
40%
Saint-Marin Euro
40%
Nouvelle-Zélande Dollar Néo-Zélandais
39%
Russie Rouble Russe
39%
Islande Couronne Islandaise
38%
Norvège Couronne Norvégienne
38%
Saint-Vincent-et-les-Grenadines Dollar des Caraïbes Orientales
38%
Iles Salomon Dollar des Iles Salomon
38%
Vatican Euro
38%
Burkina Faso Franc CFA
38%
Mali Franc CFA
38%
Sénégal Franc CFA
38%
Comores Franc Comorien
38%
République Dominicaine Peso Dominicain
38%
Brésil Réal
38%
Grenade Dollar des Caraïbes Orientales
37%
Saint-Christophe-et-Niévès Dollar des Caraïbes Orientales
37%
Sainte-Lucie Dollar des Caraïbes Orientales
37%
Burundi Franc Burundais
37%
Maroc Dirham Marocain
36%
Micronésie Dollar Américain
36%
Nauru Dollar Australien
36%
Albanie Lek
36%
Suède Couronne Suédoise
35%
Jordanie Dinar Jordanien
35%
Kiribati Dollar Australien
35%
Dominique Dollar des Caraïbes Orientales
35%
Singapour Dollar de Singapour
35%
Bahreïn Dinar de Bahreïn
34%
Koweït Dinar Koweïtien
34%
Palaos Dollar Américain
34%
Irak Dinar Irakien
33%
Libye Dinar Libyen
33%
Salvador Dollar Américain
33%
Guyana Dollar Guyanien
33%
Niger Franc CFA
33%
Émirats Arabes Unis Dirham des Emirats Arbes Unis
32%
Indonésie Roupie Indonésienne
32%
Tunisie Dinar Tunisien
31%
Rwanda Franc Rwandais
31%
Arabie Saoudite Riyal Saoudien
31%
Libéria Dollar Libérien
29%
Togo Franc CFA
29%
Égypte Livre Égyptienne
28%
Liban Livre Libanaise
28%
Israël Shekel
28%
Liechtenstein Franc Suisse
27%
Uruguay Peso Uruguayen
27%
Tuvalu Dollar Australien
26%
Trinité-et-Tobago Dollar Trinidadien
26%
Roumanie Leu Roumain
26%
Pakistan Roupie Pakistanaise
26%
Thaïlande Baht
25%
Équateur Dollar Américain
25%
Taïwan Dollar de Taïwan
25%
Philippines Peso Philippin
25%
Sri Lanka Roupie Srilankaise
25%
Kenya Shilling Kenyan
25%
Pologne Zloty
25%
Hongrie Forint
24%
Tchad Franc CFA
24%
Turquie Livre Turque
24%
Iran Rial Iranien
24%
Haïti Gourde Haïtienne
23%
République Tchèque Couronne Tchèque
22%
Suriname Dollar du Suriname
22%
Namibie Dollar Namibien
22%
Arménie Dram
22%
Syrie Livre Syrienne
22%
Bosnie-Herzégovine Mark
22%
Bolivie Boliviano
21%
Moldavie Leu Moldave
21%
Macédoine du Nord Denar
20%
Brunei Dollar de Brunei
20%
République Centrafricaine Franc CFA
20%
Oman Rial Omanais
20%
Pérou Sol
20%
Maurice Roupie Mauricienne
19%
Népal Roupie Népalaise
19%
Ouganda Shilling Ougandais
19%
Venezuela Bolivar
18%
Costa Rica Colon du Costa Rica
18%
Serbie Dinar Serbe
18%
Timor Oriental Dollar Américain
18%
Soudan du Sud Livre Sud-Soudanaise
18%
Guatemala Quetzal
18%
Tanzanie Shilling Tanzanien
18%
Viêt Nam Dong
17%
Angola Kwanza
17%
Soudan Livre Soudanaise
17%
Zimbabwe Or Zimbabwéen
17%
Éthiopie Birr
16%
Laos Kip
16%
Honduras Lempira
15%
Qatar Riyal Qatari
15%
Seychelles Roupie Seychelloise
15%
Kirghizistan Som
15%
Bangladesh Taka
15%
Cap-Vert Escudo
14%
Malawi Kwacha Malawien
14%
Géorgie Lari
14%
Cambodge Riel
14%
Madagascar Ariary
13%
Panama Balboa
13%
Gambie Dalasi
13%
Sierra Leone Leone
13%
Turkménistan Manat Turkmène
13%
Mozambique Metical
13%
Botswana Pula
13%
Malaisie Ringgit
13%
Somalie Shilling Somalien
13%
Ouzbékistan Sum
13%
Ghana Cedi
12%
Niacaragua Cordoba d'Or
12%
Zambie Kwacha de Zambie
12%
Eswatini Lilangeni
12%
Lesotho Loti
12%
Nigéria Naira
12%
Érythrée Nakfa
12%
Bhoutan Ngultrum
12%
Maldives Rufiyaa
12%
Kazakhstan Tenge
12%
Paraguay Guarani
11%
Ukraine Hryvnia
11%
Birmanie (Myanmar) Kyat
11%
Yémen Riyal Yéménite
11%
Tadjikistan Somoni
11%
Sao Tomé-et-Principe Dobra
10%
Azerbaïdjan Manat Azerbaïdjanais
10%
Mongolie Tugrik
10%
Vanuatu Vatu
10%
Papouasie-Nouvelle-Guinée Kina
9%
Mauritanie Ouguiya
9%
Tonga Pa'anga
7%
Samoa Tala
5%
Aucun quiz correspondant
Distribution des résultats
% des personnes avec chaque résultat
Percentile par nombre de réponses
Votre historique - résultats
Vous n’avez pas pris ce quiz depuis la dernière actualisation